| 000 | 00334nam a2200145Ia 4500 | ||
|---|---|---|---|
| 008 | 230917s9999||||xx |||||||||||||| ||und|| | ||
| 040 |
_e53529 _aMAIN |
||
| 041 | _aEnglish | ||
| 082 | _aB R137H | ||
| 100 | _aRaj, K N | ||
| 245 | 0 | _aHanoi diary | |
| 260 |
_aBombay _bOxford University Press _c1975 |
||
| 300 | _a60 p. | ||
| 942 | _cBK | ||
| 999 |
_c142346 _d142346 |
||